| 000 | 00530nam a2200193 i 4500 | ||
|---|---|---|---|
| 001 | 22583 | ||
| 003 | ES-MaACL | ||
| 005 | 20230906152723.0 | ||
| 007 | t| | ||
| 008 | 021203s1983 sp ||||1| spa d | ||
| 100 | 1 |
_aAlonso Millán, Juan José. _920361 |
|
| 245 | 1 | 0 |
_aCompañero te doy / _cJ. Alonso Millán. |
| 260 |
_a[Madrid : _bPreyson, _c1983] |
||
| 300 |
_a109 p. ; _c16 cm. |
||
| 490 | 1 |
_aArte escénico ; _v7 |
|
| 830 | 0 |
_aArte escénico ; _v7 _9180796 |
|
| 852 |
_aES-MaACL _jL-5425 _bR.105773 |
||
| 999 |
_c22583 _d22583 |
||